Scottish Monarchs - Statistics

General Stats
  • This quiz has been taken 1,128 times
  • The average score is 20 of 33
Answer Stats
Hint Answer % Correct
1542-1567 Mary I, Queen of Scots
91%
1406-1437 James I
88%
1513-1542 James V
88%
1437-1460 James II, Fiery Face
87%
1460-1488 James III
87%
1488-1513 James IV
87%
1567-1625 James VI (I of England)
87%
1685-1688 James VII (II of England)
78%
1625-1649 Charles I
75%
1649-1651 Charles II
75%
1660-1685 Charles II
75%
1689-1702 William II (III of England), of Orange
74%
1165-1214 William I, the Rough
74%
1702-1707 Anne
73%
1371-1390 Robert II, the Steward
68%
1689-1694 (Co-Ruler) Mary II
67%
1306-1329 Robert I, the Bruce
64%
1040-1057 Macbeth
61%
1390-1406 Robert III, the Lame King
60%
1034-1040 Duncan I
56%
1107-1124 Alexander I, The Fierce
53%
1214-1249 Alexander II
52%
1249-1286 Alexander III
51%
1329-1371 David I
49%
1124-1153 David I, The Saint
49%
(1094) Duncan II
45%
1058-1093 Malcolm III, Canmore
38%
1286-1290 Margaret, the Maid of Norway
38%
1292-1296 John Balliol
32%
1153-1165 Malcolm IV, Canmore
31%
1093-1097 Donald II, Ban
30%
1057-1058 Lulach
22%
1097-1107 Edgar Probus
19%
No matching quizzes found
Score Distribution
Percent of People with Each Score
Percentile by Number Answered
Your Score History
You have not taken this quiz